000 00503cam a2200145 4500
001 J119376
008 020816n1921 000 0 eng u
035 _a(Sirsi) u119376
050 _a348.41047
110 _aIncoporated Council of Law Reporting for England and Wales
245 4 _aThe law reports under the superintendence of the Incorporated Council of Law Reporting for England and Wales. Ten years' digest 1911 to 1920...
260 _aLondon
_bICLR
_c1921
300 _a2v.
_c24cm.
942 _n0
999 _c102301
_d102301